Intereses y multas en los anticipos impositivos (Registro nro. 14739)

Detalles MARC
000 -LEADER
fixed length control field 00328 a2200109 4500
001 - CONTROL NUMBER
control field ART_18014
005 - DATE AND TIME OF LATEST TRANSACTION
control field 20260410161656.0
008 - FIXED-LENGTH DATA ELEMENTS--GENERAL INFORMATION
fixed length control field 260409a
100 1# - MAIN ENTRY--PERSONAL NAME
Personal name Folco, Carlos Maria
245 10 - TITLE STATEMENT
Title Intereses y multas en los anticipos impositivos
773 0# - HOST ITEM ENTRY
Title Práctica profesional
Related parts - Nº 126 (sep. 2010)
Record control number REV542

No hay ítems disponibles.